000
00207nam a22000977a 4500
003
OSt
008
210114b ||||| |||| 00| 0 eng d
100
_a
Kittunni, C. A
_9
4470
245
_a
Kallarekha
942
_c
BK
999
_c
16492
_d
16492